| 000 | 00418 a2200169 4500 | ||
|---|---|---|---|
| 001 | 16613 | ||
| 020 | _a9788526292536 | ||
| 040 | _cAnchieta - Bela Vista | ||
| 100 | _aLeão, Raimundo Matos de | ||
| 240 | 1 | 0 |
_aOrum Ayê um mito africano da criação _lpor |
| 245 | 1 | 0 | _aOrum Ayê um mito africano da criação |
| 300 | _a48 | ||
| 362 | 0 | _a2014 | |
| 440 | 1 | _aScipione | |
| 650 | 4 | _aLiteratura juvenil | |
| 942 | _cBK | ||
| 999 |
_c16613 _d16613 |
||